000
00212 a2200097 4500
001
45906
100
_a
Wind H
245
_a
the complete golfer
260
_a
London
_b
William Heinemann
_c
090
_c
29013
_d
29013
942
_a
NUST-CAE
_c
M
_c
21129
999
_c
280979
_d
280979